U2: Every Concert City - Statistics

General Stats
  • This quiz has been taken 52 times
  • The average score is 124 of 409
Answer Stats
Hint Answer % Correct
Australia Sydney
91%
Russia Moscow
89%
Ireland Dublin
86%
Ukraine Kyiv
86%
Norway Oslo
86%
Australia Perth
86%
Austria Vienna
86%
England London
84%
Australia Melbourne
84%
USA New York City
84%
France Paris
84%
Argentina Buenos Aires
82%
Scotland Glasgow
82%
Brazil Rio de Janeiro
82%
Italy Rome
82%
Sweden Stockholm
82%
Japan Tokyo
82%
Canada Vancouver
82%
Australia Adelaide
80%
Northern Ireland Belfast
80%
USA Boston
80%
USA Chicago
80%
Scotland Edinburgh
80%
Turkey Istanbul
80%
Spain Madrid
80%
Mexico Mexico City
80%
Czech Republic Prague
80%
USA San Francisco
80%
Chile Santiago
80%
Canada Toronto
80%
Poland Warsaw
80%
Netherlands Amsterdam
77%
Greece Athens
77%
Spain Barcelona
77%
Germany Berlin
77%
Australia Brisbane
77%
Belgium Brussels
77%
USA Dallas
77%
Finland Helsinki
77%
USA Los Angeles
77%
England | USA Manchester
77%
USA Miami
77%
Brazil São Paulo
77%
South Korea Seoul
77%
Colombia Bogotá
75%
Denmark Copenhagen
75%
USA Denver
75%
USA Houston
75%
USA Las Vegas
75%
Italy Milan
75%
Canada Montreal
75%
Canada Ottawa
75%
USA Seattle
75%
Israel Tel Aviv
75%
USA Austin
73%
South Africa Cape Town
73%
Portugal Lisbon
73%
India Mumbai
73%
Germany Munich
73%
USA Portland
73%
USA Washington, D.C.
73%
Ethiopia Addis Ababa
70%
Ireland Cork
70%
Italy Naples
70%
Japan Osaka
70%
USA Philadelphia
70%
New Zealand Wellington
70%
Switzerland Zürich
70%
New Zealand Auckland
68%
England | USA Birmingham
68%
Hungary Budapest
68%
Switzerland Geneva
68%
USA Jacksonville
68%
South Africa Johannesburg
68%
Philippines Manila
68%
USA Minneapolis
68%
USA Orlando
68%
USA San Diego
68%
Croatia Zagreb
68%
Canada Calgary
66%
England Liverpool
66%
USA New Orleans
66%
France Nice
66%
Bosnia and Herzegovina Sarajevo
66%
Belgium Antwerp
64%
USA Atlanta
64%
USA Detroit
64%
Canada Edmonton
64%
Germany Hamburg
64%
England Leeds
64%
France Marseille
64%
USA Phoenix
64%
USA San Antonio
64%
Spain Seville
64%
Italy Turin
64%
Wales Cardiff
61%
Germany Frankfurt
61%
USA Indianapolis
61%
USA San Jose
61%
USA Tampa
61%
USA Charlotte
59%
USA Pittsburgh
59%
Scotland Aberdeen
57%
USA Cincinnati
57%
USA Cleveland
57%
USA Delhi
57%
France Lyon
57%
Netherlands Rotterdam
57%
USA Sacramento
57%
USA St. Louis
57%
USA Baltimore
55%
New Zealand Christchurch
55%
USA Kansas City
55%
USA Milwaukee
55%
USA Oklahoma City
55%
USA Salt Lake City
52%
Canada Winnipeg
52%
Ghana Accra
50%
USA Buffalo
50%
Ireland Naas
50%
England Newcastle
50%
England Sheffield
50%
England Bristol
48%
Germany Cologne
48%
USA Columbus
48%
USA Memphis
48%
USA Nashville
48%
USA Omaha
48%
USA Raleigh
45%
Netherlands The Hague
45%
France Strasbourg
43%
Germany Düsseldorf
41%
Monaco Monte Carlo
41%
Germany Stuttgart
41%
France Toulouse
41%
USA Tulsa
41%
USA Anaheim
39%
Italy Bologna
39%
USA Lincoln
39%
USA Oakland
39%
USA Saint Paul
39%
England Southampton
39%
England York
39%
USA Albany
36%
France Bordeaux
36%
USA Fort Worth
36%
Sweden Gothenburg
36%
Canada Hamilton
36%
USA Louisville
36%
France Nantes
36%
USA Providence
36%
Germany Bremen
34%
England Brighton
34%
USA Columbia
34%
Germany Dortmund
34%
Scotland Dundee
34%
USA El Paso
34%
Ireland Galway
34%
USA Hartford
34%
USA Honolulu
34%
Ireland Limerick
34%
USA Newark
34%
Germany Nuremberg
34%
Greece Thessaloniki
34%
Switzerland Basel
32%
England Cambridge
32%
Germany Hannover
32%
Germany Leipzig
32%
USA Little Rock
32%
Mexico Monterrey
32%
USA Wichita
32%
England Leicester
30%
USA Madison
30%
Mozambique Maputo
30%
England Oxford
30%
France Rennes
30%
Brazil Salvador da Bahia
30%
USA Arlington
27%
USA Knoxville
27%
Switzerland Lausanne
27%
USA Lexington
27%
France Montpellier
27%
England Norwich
27%
USA Syracuse
27%
England Blackpool
25%
USA Fort Lauderdale
25%
England Nottingham
25%
England Plymouth
25%
USA Tallahassee
25%
USA Baton Rouge
23%
USA Eugene
23%
England Portsmouth
23%
USA Rochester
23%
USA Tacoma
23%
Italy Verona
23%
Ireland Waterford
23%
USA Bourne
20%
France Cannes
20%
England Coventry
20%
USA Grand Rapids
20%
England Hull
20%
Germany Kiel
20%
USA Long Beach
20%
USA New Haven
20%
England Reading
20%
England Victoria
20%
England Derby
18%
USA East Rutherford
18%
USA Glendale
18%
Ireland Kilkenny
18%
USA Santa Clara
18%
England Stoke-on-Trent
18%
Mali Timbuktu
18%
Netherlands Utrecht
18%
England Wolverhampton
18%
USA Worcester
18%
USA Boulder
16%
England Bradford
16%
USA Duluth
16%
England Exeter
16%
England Ipswich
16%
Germany Mannheim
16%
Finland Turku
16%
USA Gainesville
14%
Belgium Gent
14%
England Lancaster
14%
England Milton Keynes
14%
England Northampton
14%
USA Pasadena
14%
USA Tempe
14%
Japan Yokohama
14%
Netherlands Arnhem
11%
Northern Ireland Bangor
11%
USA Chapel Hill
11%
Netherlands Groningen
11%
USA Norfolk
11%
Germany Rostock
11%
USA South Bend
11%
USA Ames
9%
USA Auburn
9%
USA Champaign
9%
USA Charlottesville
9%
USA Inglewood
9%
USA Norman
9%
Ireland Sligo
9%
Germany Adenau/Koblenz
7%
USA Burbank
7%
USA Clemson
7%
Turkey Gaziantep
7%
Germany Gelsenkirchen
7%
England Glastonbury
7%
USA Hershey
7%
USA Hollywood
7%
USA Lubbock
7%
USA Malibu
7%
Canada Moncton
7%
Germany Muenster
7%
Germany Potsdam
7%
Japan Saitama
7%
USA Santa Monica
7%
USA West Palm Beach
7%
USA Asbury Park
5%
USA Auburn Hills
5%
England Aylesbury
5%
USA Beverly Hills
5%
Ireland Bray
5%
England Camden
5%
England Canterbury
5%
England Cheltenham
5%
Portugal Coimbra
5%
USA College Park
5%
Norway Drammen
5%
USA East Lansing
5%
Ireland Ennis
5%
USA Fort Collins
5%
USA Foxborough
5%
Belgium Genk
5%
England Hatfield
5%
Ireland Howth
5%
USA Iowa City
5%
USA Irving
5%
USA Lakeland
5%
USA Landover
5%
Argentina La Plata
5%
Canada Laval
5%
Netherlands Leiden
5%
Italy Modena
5%
England Penzance
5%
England Poole
5%
England Saint Albans
5%
France Saint-Denis
5%
England Salford
5%
Mexico San José del Cabo
5%
Ireland Slane
5%
USA Stanford
5%
Netherlands Tilburg
5%
USA Tinley Park
5%
USA Tuscon
5%
Netherlands Apeldoorn
2%
Ireland Ballina
2%
Ireland Ballymore Eustace
2%
France Bourges
2%
England Bracknell
2%
Ireland Cavan
2%
Poland Chorzow
2%
Ireland Clondalkin
2%
Northern Ireland Coleraine
2%
England Covent Garden
2%
Ireland Crofton
2%
USA Cupertino
2%
USA Daly City
2%
England Davington
2%
Belgium Deinze
2%
USA Devore
2%
England Dudley
2%
England Faversham
2%
USA Garden City
2%
England Gateshead
2%
Netherlands Geleen
2%
USA Half Moon Bay
2%
USA Hallendale
2%
USA Hampton
2%
USA Hampton Beach
2%
England Hanley
2%
USA Harlem
2%
Netherlands Hattem
2%
Belgium Herenthout
2%
Denmark Horsens
2%
England Hulme
2%
Greece Hydra
2%
England Kidderminster
2%
USA La Quinta
2%
England Loughborough
2%
England Maidstone
2%
Belgium Mechelen
2%
USA Murfreesboro
2%
Netherlands Nijmegen
2%
England Nuneaton
2%
Germany Oberhausen
2%
Germany Offenbach am Main
2%
Spain Oviedo
2%
USA Potiac
2%
USA Rosemont
2%
Denmark Roskilde
2%
USA Saratoga Springs
2%
England Scarborough
2%
Netherlands Sittard
2%
USA Somerville
2%
USA Sunrise
2%
Ireland Tralee
2%
USA Uncasville
2%
USA Uniondale
2%
Belgium Werchter
2%
USA West Hollywood
2%
USA Amhurst
0%
England Canning Town
0%
England Clapham
0%
Ireland Dalkey
0%
Switzerland Davos-Klosters
0%
Ireland Donnybrook
0%
France Eze
0%
USA Fort Meyers
0%
Ireland Gorey
0%
England Harrow Road
0%
England Hemel Hempstead
0%
England Herne Hill
0%
Netherlands Hilversum
0%
England Islington
0%
New Zealand Kai Iwi
0%
USA Las Cruces
0%
Ireland Leixlip
0%
USA Lido Beach
0%
Ireland Mullingar
0%
Northern Ireland Newry
0%
France Nogent-sur-Marne
0%
England Odell
0%
England Oxfordshire
0%
USA Palo Alto
0%
USA Passaic
0%
USA Potomac
0%
Ireland Raheny
0%
USA Randalls Island
0%
Italy Reggio Emilia
0%
USA Rensselaer
0%
USA Reseda
0%
England Retford
0%
USA Richfield
0%
Germany Saint Goardshausen
0%
France Saint Tropez
0%
Italy San Remo
0%
Spain San Sebastrian
0%
Germany Schuettorf
0%
Japan Seto City
0%
USA Stony Brook
0%
Ireland Strandhill
0%
England Stroud
0%
Ireland Sutton
0%
Belgium Torhout
0%
England Totnes
0%
Ireland Tullamore
0%
USA Universal City
0%
USA Upper Darby
0%
France Vaulx-en-Velin
0%
Portugal Vilar De Mouros
0%
England West Hampstead
0%
Austria Wiener Neustadt
0%
England Wollaston
0%
No matching quizzes found
Score Distribution
Percent of People with Each Score
Percentile by Number Answered
Your Score History
You have not taken this quiz